| 000 | 00384nam a2200133Ia 4500 | ||
|---|---|---|---|
| 008 | 240624s9999 xx 000 0 und d | ||
| 041 | _aeng | ||
| 082 | _a658.452 HBS | ||
| 100 | _aHARVARD BUSINESS SCHOOL PRESS | ||
| 245 | _aPRESENTATIONS THAT PERSUADE AND MOTIVATE | ||
| 260 |
_c2004 _aBoston _bHarvard Business School Press |
||
| 300 | _aix, : 166 : p. : cm. ; 21 | ||
| 365 |
_cRS _b30 |
||
| 999 |
_c14280 _d14280 |
||